00589nam a2200157 a 450000100100000000500170001000800410002704000250006810000350009324501070012826000380023530000190027350000170029295201050030999900170041400004503620201002045825.0150129s19uu dr 000 0 spa d aDO-SdBNPbspacBNPHU1 aRodríguez, Antonio S.92162010aGuía práctica :bde conciliaciones de cuentas corrientes computarizadas /cAntonio S. Rodríguez. aSanto Domingo :b[s.d.],c[s.f.]. a8 p. ;c21 cm. aContabilidad 0010718PDaPDbPDcHDd2015-01-29iLF1l0o p45036-10r2020-06-25w2020-06-25yLFPDZNo se presta c44525d44525